000 01010nam a22003377a 4500
001 BR7305026
003 BR-BrBNA
005 20230928084056.0
007 ta
008 230509b bl.||||| |||| 00| 0 por d
040 _aBR-BrBNA
_bpor
_cBiblioteca Nacional de Agricultura
041 _a(Por)
072 _aE10; F10; F22
_b0230
_b/G514
090 _ 0230 BR7305026
110 1 _aEstacao Experimental de Cana-de-Acucar de Alagoas, Maceio (Brasil)
_94441
245 1 _aSolicitacao de fundos para pesquisa [Estacao Experimental de Cana de Acucar de Alagoas; Analise quimica; Solo; Analise foliar; Brasil]
260 3 _aMaceio, AL (Brasil):
_c1972.
300 _a20 p.
500 _a29 ref.
650 _aSOLO
650 _aCANA DE ACUCAR
650 _aALAGOAS
650 _aESTACAO EXPERIMENTAL
650 _aPESQUISA
650 _aANALISE FOLIAR
650 _aFINANCIAMENTO
650 _aMEIO AMBIENTE
650 _aANALISE QUIMICA
909 _a202309
_bLucia
_c55
_dLucia Elande
942 _cBK
999 _c16725
_d16725